NBA 75th's anniversary team - Statistics

General Stats
  • This quiz has been taken 18 times
  • The average score is 37 of 76
Answer Stats
# player % Correct
33 LeBron James
93%
17 Stephen Curry
86%
72 Jerry West
79%
1 Kareem Abdul Jabbar
79%
41 Karl Malone
79%
22 Kevin Durant
79%
36 Michael Jordan
79%
42 Moses Malone
79%
52 Shaquille O'neal
79%
12 Kobe Bryant
71%
11 Larry Bird
71%
73 Russell Westbrook
71%
13 Wilt Chamberlain
71%
32 Allen Iverson
64%
63 Bill Russell
64%
39 Damian Lillard
64%
3 giannis antetokounmpo
64%
51 Hakeem Olajuwon
64%
29 James Harden
64%
66 John Stockton
64%
23 Julius Erving
64%
38 Kawhi Leonard
64%
60 Oscar Robertson
64%
57 Paul Pierce
64%
58 Scottie Pippen
64%
18 Anthony Davis
57%
4 Carmelo Anthony
57%
7 Charles Barkley
57%
50 Dirk Nowitzki
57%
70 Dwyane Wade
57%
67 Isiah Thomas
57%
26 Kevin Garnett
57%
34 Magic Johnson
57%
49 Steve Nash
57%
21 Tim Duncan
57%
20 Clyde Drexler
50%
61 Davin Robinson
50%
62 Dennis Rodman
50%
9 Elgin Baylor
50%
55 Gary Payton
50%
37 Jason Kidd
50%
24 Patrick Ewing
50%
2 Ray Allen
50%
8 Rick Barry
50%
75 Dominique Wilkins
43%
46 George Mikan
43%
76 James Worthy
43%
30 John Havlicek
43%
45 Kevin Mchale
43%
74 Lenny Wilkens
43%
43 Pete Maravich
43%
47 Reggie Miller
43%
35 Sam Jones
43%
14 Bob Cousy
36%
54 Chris Paul
36%
64 Dolph Schayes
36%
27 George Gervin
36%
53 Robert Parish
36%
71 Bill Walton
29%
19 David Debusschere
29%
31 Elvin Hayes
29%
28 Hal Greer
29%
25 Walt Frazier
29%
44 Bob Mcadoo
21%
15 Dave Cowens
21%
5 Nate Archibald
21%
69 Wes Unseld
21%
59 Willis Reed
21%
10 Dave Bing
14%
48 Earl Monroe
14%
40 Jerry Lucas
14%
65 Bill Sharman
7%
16 Billy Cunningham
7%
56 Bob Petitt
7%
68 Nate Thurmond
7%
6 Paul Arzin
0%
No matching quizzes found
Score Distribution
Percent of People with Each Score
Percentile by Number Answered
Your Score History
You have not taken this quiz